[Event "Bundesliga 0405"]
[Site "Germany"]
[Date "2005.03.12"]
[Round "12.3"]
[White "Scheerer, Christoph"]
[Black "Bischoff, Klaus"]
[Result "0-1"]
[WhiteElo "2392"]
[BlackElo "2559"]
[Annotator "Rogozenco,D"]
[PlyCount "120"]
[EventDate "2004.11.12"]
[EventType "team-tourn"]
[EventRounds "15"]
[EventCountry "GER"]
[SourceTitle "CBM 106"]
[Source "ChessBase"]
[SourceDate "2005.06.06"]
[SourceVersion "1"]
[SourceVersionDate "2005.06.06"]
[SourceQuality "1"]
[WhiteTeam "Preetz"]
[BlackTeam "Tegernsee"]
[WhiteTeamCountry "GER"]
[BlackTeamCountry "GER"]

1. e4 c5 2. c3 e6 3. Nf3 Nf6 4. e5 Nd5 5. d4 cxd4 6. cxd4 d6 7. Bc4 Nb6 8. Bd3
(8. Bb3 dxe5 9. Nxe5) 8... Nc6 9. O-O d5 {A rare and rather dubious move.
Black deliberatly goes to an inferior position, hoping to outplay a less
experienced opponent.} 10. Nc3 Be7 {White has a space and development
advantage. The position is closed and these factors do not offer automatically
better chances. In order to set problems for Black, White must understand what
to do. It is obvious that castling short is extremely dangerous for Black,
therefore the second player will stay with the king in the center for a while.
His long-term plan is to develop the initiative on the queenside. Maybe
sometimes in the future Black can castle long, but that requires time. What
should White do? First of all he needs some targets for attack, otherwise he
will achieve nothing. Black is very solid in the center and on the queenside,
so the correct plan is to provoke weaknesses on the kingside and then attack
them, even if black king won't castle short. The only real way for White to
create some targets on the kingside is to remove the knight from f3, either in
order to advance then the f-pawn, or in order to clear the way for the queen
to g4 or h5. With the queen on g4 Black will have problems protecting g7. A
move like ...g6 will create serious weaknesses, which White will be able to
use later. At the same time White should keep in mind that Black might castle
long at some point. Therefore the correct plan is to play Be3, Rc1, remove the
knight from f3 and then either Qg4, or f4-f5.} 11. Bf4 $2 {White doesn't
understand the position and starts arranging the pieces on the wrong squares.
It looks nice, but in fact the pieces will be doing exactly nothing.} ({
Correct is} 11. Be3 Bd7 12. Rc1 a6 13. Nd2 $1 Rc8 $6 (13... Qc7 14. a3 $16 {
[%cal Gb2b4,Gd1g4]}) 14. Qg4 {Basically White is already winning.} g6 15. Bh6
Bf8 (15... Na5 16. Qh3 $18 {[%cal Gh6g7]}) 16. Bxf8 Kxf8 17. h4 h5 18. Qf4 Ne7
19. Nf3 Nf5 20. Bxf5 gxf5 21. b3 Qe7 22. Ne2 Bc6 23. a4 Nd7 24. Rc3 Ke8 25.
Rfc1 $18 {1-0 Cherniaev,A-Velcheva,M/Biel 2000 (32)}) 11... a6 12. Qe2 $6 Bd7
13. Rac1 h6 14. Rfd1 {This and next moves show once again that White doesn't
know exactly what to do.} Qb8 15. Bg3 {The bishop is completely misplaced on
g3. It would have been better off on c1.} Qa7 16. h4 Nb4 17. Bb1 Nc4 {An
amazing show of activity being behind in development. Black wants to provoke
the move b2-b3.} 18. h5 Nc6 19. Bd3 $6 b5 {Black is okay already. White lost a
lot of time, allowing his opponent to regroup the pieces. Still, Black remains
with the problem of his king, which hasn't found a safe shelter yet.} 20. b3 (
20. a4 Nb4 (20... b4 21. Bxc4 bxc3 (21... dxc4 22. d5 $36) 22. Bd3 Nxd4 23.
Nxd4 Qxd4 24. bxc3 Qxa4 25. c4 $44) 21. axb5 Nxd3 22. Rxd3 axb5 $13) 20... Na3
21. Qb2 Qb6 (21... O-O-O 22. Bh4 $1 {[%csl Ra3]}) 22. Bf4 {White's play
produces a sad impression.} (22. Bh4 {was the logical follow-up of the
previous moves with this bishop.}) 22... O-O-O {A dangerous decision, but
staying with the king in the center requires a lot of patience.} 23. b4 $5 ({
Another idea is to prepare b3-b4 followed by a2-a4:} 23. Nb1 Nxb1 24. Rxb1 Kb7
25. b4 {[%cal Ga2a4]} (25. Bd2 $5 {[%cal Yb3b4,Ya2a4]}) 25... Nxb4 26. Bf1 Rc8
27. Rd2 $44 {[%cal Ga2a4]}) 23... Nc4 (23... Bxb4 $2 24. Nxb5 $18 {[%cal Gb2b4]
}) 24. Bxc4 bxc4 25. b5 Na5 26. Rb1 $6 (26. a4 $13) 26... axb5 27. Nxb5 $2 {
Trading the queens leads to a winning endgame for Black thanks to his superior
pawn structure.} ({Good or bad White had to keep the queens on:} 27. Na4 Qa7
28. Nc5 $1 Bc6 (28... Bxc5 29. dxc5 Qxc5 30. Be3 $44 {[%csl Rc8][%cal Gf3d4]})
29. Bd2 $44 {[%cal Ga2a4,Yd2b4]}) 27... Qxb5 28. Qxb5 Bxb5 29. Rxb5 Nc6 30.
Rdb1 Rd7 31. Rb6 Rc7 {Few precise moves and White's initiative is over.} 32.
Ne1 Kd7 33. Nc2 Ra8 34. a3 {Other moves wouldn't have changed anything.} Bxa3
$19 35. Be3 (35. Ra1 Rca7 $19) 35... Be7 36. g4 Ra2 37. Ne1 Rca7 38. Kf1 Kc7
39. R6b5 Ra1 40. R1b2 Na5 41. Rc2 Rb7 42. Rxb7+ Kxb7 43. Ke2 Kc6 44. f4 Kb5 45.
g5 Nb3 46. Nf3 Bf8 47. g6 fxg6 48. hxg6 Be7 49. Kf2 Kb4 50. Kg3 c3 51. f5 exf5
52. e6 Ra6 53. Ne5 Rxe6 54. Nd3+ Kc4 55. Nb2+ Kb4 56. Nd3+ Kb5 57. Kf2 Bh4+ 58.
Kf3 Bg5 59. Ne5 Kb4 60. Bf2 Nd2+ 0-1

[Event "Ismailia Misr 2nd"]
[Site "Ismailia"]
[Date "2004.08.19"]
[Round "5"]
[White "Potkin, Vladimir"]
[Black "Adly, Ahmed"]
[Result "1/2-1/2"]
[WhiteElo "2523"]
[BlackElo "2475"]
[Annotator "Rogozenco,D"]
[PlyCount "126"]
[EventDate "2004.08.16"]
[EventType "tourn"]
[EventRounds "11"]
[EventCountry "EGY"]
[EventCategory "10"]
[SourceTitle "CBM 103"]
[Source "ChessBase"]
[SourceDate "2004.11.11"]
[SourceVersion "1"]
[SourceVersionDate "2004.11.11"]
[SourceQuality "1"]

1. e4 c5 2. c3 d5 3. exd5 Qxd5 4. d4 Nc6 5. Nf3 cxd4 6. cxd4 e5 7. Nc3 Bb4 8.
Bd2 Bxc3 9. Bxc3 e4 10. Ne5 {The most popular continuation, leading to
slightly better positions.} ({The sharper} 10. Nd2 Nf6 11. Bc4 {leads to very
unclear play, with chances for both sides.}) 10... Nxe5 11. dxe5 Ne7 12. Be2 (
12. Qa4+ Bd7 13. Qa3 Qe6 {is about equal.}) 12... Bd7 ({In my opinion Black
must opt for} 12... O-O 13. O-O Bf5 14. Qa4 $14 {/=}) 13. O-O Bc6 14. Qc1 $1 {
The correct plan. White prepares Rd1 and controls important squares f4 and g5.}
(14. Qxd5 Nxd5 $11) (14. f3 Rd8 15. Qc1 O-O 16. fxe4 Qc5+ 17. Kh1 Bxe4 18. Qf4
Qc6 $11 {0-1 Boe Olsen,M-Lauvsnes,A/Fister 1992 (30)}) (14. Qc2 O-O 15. Rfd1
Qe6 16. Rd6 Qf5 17. Bc4 Kh8 18. b4 e3 $13 {1/2-1/2 Roberts,P-Weston,R/
Edinburgh 1996 (56)}) (14. Re1 $6 Rd8 15. Qc2 O-O 16. b3 Qe6 17. Rad1 Ng6 18.
Rxd8 Rxd8 19. Rd1 Re8 $15 {0-1 Januario Pereira,S-De Toledo,J/Brasilia 1998 
(31)}) 14... Qe6 (14... O-O 15. Rd1 Qe6 16. Rd6 Qf5 (16... Qc8 17. Qg5 Ng6 18.
h4 $16 {1-0 Stambulian,A-Shapar,S/Krasnodar 2001 (24)}) 17. h3 h5 18. g4 Qh7
19. Qg5 $14 {1-0 Kovalevskaya,E-Stepovaia Dianchenko,T/Rostov 1995 (52)}) 15.
Rd1 (15. Qg5 {is premature in view of} Qg6) 15... Qf5 (15... Nd5 16. Bc4 $5 (
16. Bd4 O-O 17. Qg5 Rfe8 18. Bc4 $13 {0-1 Salimaki,J-Hamalainen,S/Finland 1996
(53)}) 16... Nxc3 $1 (16... O-O 17. Bb4 Rfe8 18. Bd6 $16) 17. Qxc3 Qe7 18. b4
a6 19. a4 {with some initiative}) 16. b4 $1 (16. Rd6 Ng6 $5 (16... O-O 17. h3
$14 {transfers to Kovalevskaya,E-Stepovaia Dianchenko,T/Rostov 1995 given
above.})) 16... b6 17. Rd6 O-O 18. h3 $14 {[%csl Gc1,Gf4,Rf5,Gg5][%cal Ge2g4,
Gc1g5] In order to get any advantage of the bishop's pair, White must always
keep the initiative. Here it becomes clear why the queen stands well on c1.}
Qc8 19. Qg5 ({After} 19. Bg4 Qc7 20. Qg5 Rad8 21. Bb2 $1 $14 {/+/- Black's
task is also far from easy.}) 19... Bb5 $1 {This is practically forced.} (19...
Ng6 $2 20. Rc1 $16) 20. Rc1 (20. Bxb5 Qxc3 21. Rad1 Qxb4 22. Bd7 $44) 20...
Bxe2 21. Qxe7 Qf5 22. Bd4 Rfe8 23. Qh4 {in spite of the opposite-coloured
bishops, Black still has a tough fight for the draw because of White's active
rooks.} b5 24. Rc5 Re6 25. Rd8+ Re8 26. Rd6 Re6 27. Rd8+ Re8 28. e6 $1 Qxe6 29.
Qg5 Qh6 (29... Qg6 30. Rxa8 Rxa8 31. Qe3 {[%cal Gc5g5]} Qd6 32. Bxg7 Kxg7 (
32... Qd1+ 33. Kh2 Kxg7 34. Rg5+ $18) 33. Qxe2 $16 {[%csl Rg7]}) 30. Rxa8 (30.
Rxe8+ $5 Rxe8 31. Re5 $1 Rc8 $1 (31... Ra8 32. Qxh6 gxh6 33. Rxe4 Bd3 (33...
Bc4 $2 34. Rg4+ Kf8 35. Bc5+ Ke8 36. Rg8+ $18) 34. Re3 Bg6 35. Re7 a6 (35... a5
$2 36. bxa5) 36. g4 $16) 32. Qxh6 gxh6 33. Rxe4 Bc4 34. a3 a6 35. Rg4+ Kf8 36.
Bc5+ Ke8 37. Re4+ Be6 (37... Kd7 38. Rd4+ $16 {[%cal Gd4d6]}) 38. f4 $14 {/+/-}
) 30... Rxa8 31. Qxh6 gxh6 32. Kh2 Kf8 33. Bf6 $14 Ke8 $6 34. Rc7 a5 35. Re7+
Kf8 36. Rxe4 Bc4 37. bxa5 Bxa2 (37... Rxa5 $2 38. Be7+ $18) 38. Rd4 Be6 39. g4
Ke8 40. a6 Bd7 41. Rd6 b4 42. Rb6 $2 (42. Bd4 $16 {[%cal Ga6a7]} b3 43. a7 Ke7
$140 $6 44. Bc5) 42... Bc8 $1 {White must have missed this one.} (42... b3 $4
43. a7 $18) 43. Rxb4 Rxa6 $11 {Now Black holds easily.} 44. Be5 Rc6 45. Kg3 h5
46. gxh5 f6 47. Bd4 Kf7 48. h4 Ba6 49. Rb8 Bc8 50. Kf4 Rc4 51. Ke3 Rc7 52. Rb6
Re7+ 53. Kf4 Re6 54. Rb8 Re8 55. f3 Rd8 56. Bb2 Re8 57. Rb5 Re2 58. Bc3 Rh2 59.
Rc5 Rxh4+ 60. Kg3 Rh3+ 61. Kg2 Be6 62. Rc7+ Kg8 63. Rc6 Rxf3 1/2-1/2

[Event "EU-chT (Men) 14th"]
[Site "Plovdiv"]
[Date "2003.10.13"]
[Round "3.4"]
[White "Stevic, Hrvoje"]
[Black "Van der Wiel, John"]
[Result "0-1"]
[WhiteElo "2555"]
[BlackElo "2537"]
[Annotator "Rogozenco,D"]
[PlyCount "98"]
[EventDate "2003.10.10"]
[EventType "team-swiss"]
[EventRounds "9"]
[EventCountry "BUL"]
[SourceTitle "CBM 098"]
[Source "ChessBase"]
[SourceDate "2004.02.03"]
[SourceVersion "1"]
[SourceVersionDate "2004.02.03"]
[SourceQuality "1"]
[WhiteTeam "Croatia"]
[BlackTeam "Netherlands"]
[WhiteTeamCountry "CRO"]
[BlackTeamCountry "NED"]

1. e4 c5 2. c3 Nf6 3. e5 Nd5 4. d4 cxd4 5. Nf3 Nc6 6. cxd4 d6 7. Bc4 Nb6 8. Bb5
dxe5 9. Nxe5 Bd7 10. Nxd7 Qxd7 11. Nc3 e6 12. O-O Be7 13. Qg4 {One of the few
lines left after 2.c3 Nf6 3.e5 Nd5 4.d4 cxd4 5.Nf3 Nc6 6.cxd4 d6 where White
still has hopes to keep a slight initiative. Due to many exchanges of pieces,
the majority of arising positions are close to draw, but White has several
attacking ideas in order to maintain the pressure.} O-O 14. Bxc6 bxc6 ({
White didn't prove yet an advantage after} 14... Qxc6 15. Bh6 Bf6 16. Rfd1 Qd7
17. Ne4 Qd8 $1 (17... Qe7 18. Rd3 Kh8 19. Bf4 {[%cal Gf4d6]} Rfd8 20. Rh3 $14))
15. Bh6 Bf6 16. Rfd1 Rfd8 (16... Kh8 $5 17. Ne4 Qd8 $13) 17. Ne4 Qe7 18. Rac1 (
18. h4 Rd5 19. Bg5 Nd7 20. Rac1 Bxg5 21. hxg5 Rd8 22. Qg3 f5 23. gxf6 Nxf6 24.
Nxf6+ Qxf6 25. Rxc6 Rxd4 26. Rxd4 Qxd4 {1/2-1/2 Movsesian,S-Shirov,A/Sarajevo
2003}) 18... Rac8 (18... Kh8 {with accurate defence Black achieved equality
after this move in the following game:} 19. Bg5 Bxg5 20. Nxg5 Rd5 21. h4 h6 22.
Nf3 c5 23. dxc5 Rxd1+ 24. Rxd1 Qxc5 25. Qf4 Kg8 $11 {Karpatchev,A-Yakovich,Y/
Elista 2001.}) 19. h4 (19. Rc3 Kh8 20. Bg5 Bxg5 21. Nxg5 h6 22. Nf3 Nd5 (22...
c5 $5) 23. Rc4 f5 $2 24. Qh4 (24. Qg3 $142) 24... Qxh4 25. Nxh4 Nb6 26. Rcc1 c5
27. Ng6+ Kh7 28. Nf4 cxd4 (28... Rd6 29. dxc5 $140 Rxc5) 29. Nxe6 Rxc1 30. Rxc1
Rd6 31. Nc5 $11 {1-0 Kosintseva,T-Helm,L/Goa 2002 (59)}) 19... Rd5 20. Bg5 $146
(20. Rc3 $142 Nd7 (20... Kh8 21. Rf3 Rg8 22. Nxf6 gxf6 23. Qxg8+ Kxg8 24. Rg3+
Rg5 25. hxg5 f5 26. Rc1 $18 {1-0 Brynell,S-Sammalvuo,T/Gothenburg 2002 (49)})
21. Rg3 g6 22. Bg5 $14 {1-0 Brynell,S-Kulaots,K/Helsingborg 2002 (35)}) 20...
Nd7 21. Rc3 Kh8 22. Rf3 $4 {[%mdl 8192] White wants to force his opponent to
take on g5, but misses a simple answer.} ({After} 22. Rg3 Bxg5 23. hxg5 {
the position is about equal.}) 22... Ne5 $1 $19 (22... Bxg5 {would allow White
to complicate matters:} 23. Nxg5 (23. hxg5 $2 Ne5 $19) 23... Ne5 (23... Nf6 24.
Qf4 Qd7 25. Rfd3 $11 {/=}) 24. dxe5 Rxd1+ 25. Kh2 {[%cal Gg4h5]} f6 (25... f5
$2 26. Rxf5 $1) 26. Nxe6) 23. Bxf6 Nxf3+ 24. Qxf3 gxf6 25. Qxf6+ {Black
threatened 25...f5, but the endgame is hopeless as well.} (25. Nxf6 Rf5 {
loses on the spot.}) (25. Qf4 f5 26. Nc3 Rd7 {and now either 27.h5, or 27.Qe5+
f6 28.Qe3 would have kept some practical chances, but of course Black is
winning.}) 25... Qxf6 26. Nxf6 Ra5 27. a3 Rd8 {The rest is just a matter of
easy technique.} 28. Rc1 Rxd4 29. Rxc6 Rf5 30. Rc8+ Kg7 31. Ne8+ Kg6 32. f3 h5
33. b4 Rfd5 34. Rc6 Rxh4 35. Nd6 Rd1+ 36. Kf2 Rd2+ 37. Kg3 Rh1 38. Nc4 h4+ 39.
Kf4 Rxg2 40. Ne5+ Kf6 41. Rc7 Rg7 42. Rxa7 Re1 43. Ng4+ Kg6 44. Ra8 f6 45. Nf2
e5+ 46. Kg4 Rf1 47. Nh3 Kf7+ 48. Kxh4 Rxf3 49. Ra7+ Kg6 0-1

[Event "Bundesliga 0405"]
[Site "Germany"]
[Date "2005.04.09"]
[Round "14.2"]
[White "Skytte, Rasmus"]
[Black "Polzin, Rainer"]
[Result "1/2-1/2"]
[WhiteElo "2392"]
[BlackElo "2517"]
[Annotator "Rogozenco,D"]
[PlyCount "67"]
[EventDate "2004.11.12"]
[EventType "team-tourn"]
[EventRounds "15"]
[EventCountry "GER"]
[SourceTitle "CBM 107"]
[Source "ChessBase"]
[SourceDate "2005.08.01"]
[SourceVersion "1"]
[SourceVersionDate "2005.08.01"]
[SourceQuality "1"]
[WhiteTeam "Preetz"]
[BlackTeam "Neukoelln"]
[WhiteTeamCountry "GER"]
[BlackTeamCountry "GER"]

1. e4 c5 2. c3 Nf6 3. e5 Nd5 4. d4 cxd4 5. Nf3 Nc6 6. Bc4 Nb6 7. Bb3 d5 8. exd6
Qxd6 9. O-O Bf5 $6 {A doubtful variation.} (9... Be6 $11) 10. Nxd4 {White
needs to trade a pair of knights in order to prepare the sorte Qd1-f3.} Nxd4
11. cxd4 e6 12. Nc3 Be7 13. Qf3 O-O (13... Qxd4 14. Qxb7 $16 {[%csl Re8][%cal
Gb3a4]}) 14. d5 $1 {[%csl Rf5] Yurtaev's move already long ago demonstrated
that Black is facing unpleasant problems.} Rac8 {A novelty that doesn't change
much: Black is fighting for a draw.} (14... Rad8 15. Re1 Qb4 16. dxe6 Bxe6 17.
Qxb7 Rd7 18. Qe4 Bxb3 19. Qxb4 Bxb4 20. axb3 h6 21. Be3 $16 {1-0 Pavasovic,D 
(2523)-Nguyen Anh Dung (2487)/Istanbul 2000/ (66)}) (14... Qc7 15. Re1 Nc4 16.
Bf4 Qc5 17. Rac1 Nxb2 18. Nd1 Qa3 19. Nxb2 Qxb2 20. Rc7 Bb4 21. Be5 Qd2 22. Re2
Qh6 23. h3 $16 {1-0 Yurtaev,L-Mikhalchishin,A (2480)/Frunze 1979 (26)}) (14...
Qd7 15. dxe6 (15. Rd1 e5 16. d6 Bf6 17. h3 Bg6 18. a4 a5 19. Be3 Ra6 20. Rac1
Na8 21. Nb5 $16 {1-0 Savic,M (2498)-Zakharchenko,A (2391)/Backa Palanka 2002 
(27)}) 15... Bxe6 16. Rd1 Qc6 (16... Qc8 17. Bxe6 fxe6 $14 {/+/-}) 17. Qxc6
bxc6 18. Bxe6 fxe6 19. Ne4 Nd5 20. Bg5 Bf6 21. Bxf6 gxf6 22. Rac1 Rac8 23. g3
$16 {1-0 Ponomariov,R (2585)-Anastasian,A (2560)/Elista 1998 (65)}) 15. dxe6
Bxe6 16. Qxb7 Bxb3 17. axb3 Qe6 ({I think that more appropriate is to defend
pawn a7 first:} 17... Rc7 18. Qf3 Qe6) 18. Be3 $16 Bf6 (18... Bc5 19. Bxc5 Rxc5
20. Rxa7 $16 Qxb3 $140 $2 21. Ra6 $18) 19. Qxa7 ({After} 19. Rxa7 Rb8 20. Qa6
Nd5 $1 (20... Qxb3 $2 21. Rb7 $18) 21. Qxe6 fxe6 {Black will probably escape.})
19... Nd5 20. Ra6 Qf5 21. Ra5 Bxc3 22. bxc3 Qd3 {Curiously, in spite of
White's large advantage, Black keeps real chances to save the game.} (22...
Rxc3 23. Qb7 (23. Qd4 Rd3) 23... Rd3 $16) 23. c4 (23. Qd4 $142 Qxd4 24. cxd4 (
24. Bxd4 Nxc3 25. Bc5 Rfe8 26. b4 $16) 24... Rfd8 (24... Nxe3 $6 25. fxe3 Rc3 (
25... Rfe8 26. Rc5 Rb8 27. Rc7 f6 28. Ra1 $18) 26. e4 Rxb3 27. Ra7 $16) 25. Rb1
$16 {Black's compensation doesn't guarantee a draw:} (25. Rc1 Rb8 $1 $16 {/~/=}
) 25... Nc3 26. Rb2 $1 Nd1 27. Rba2 Rb8 (27... Nc3 28. Rc2 $18) 28. Bf4 $1 Rxb3
29. Ra8 $18) 23... Nc3 24. Raa1 Ne2+ 25. Kh1 Qxb3 26. c5 Nc3 27. Rfc1 (27. Qd7
$5 {The queen on d7 is centralized and supports the advance of the c-pawn.}
Rfd8 (27... Qe6 28. Qxe6 fxe6 29. f3 $16) (27... Nd5 28. Bd4 Nf4 29. Bxg7 Kxg7
30. Qd4+ f6 (30... Kg8 $2 31. Qxf4 Rxc5 32. Qg4+ Kh8 33. Qd4+ $18) 31. Qxf4
Rxc5 32. Rfe1 $14) (27... Qd5 28. Rfd1 $1 Qxd7 29. Rxd7 $16) 28. Qf5 Qd5 (28...
g6 29. Qe5 $16) 29. Qc2 {and Black still must struggle to survive.}) 27... Nd5
28. c6 (28. Bd4 Nf4 $132 {[%cal Gb3d5]}) 28... Nxe3 29. fxe3 (29. Qxe3 Qxe3 30.
fxe3 Rc7) 29... Rfe8 30. Ra3 $2 {This blunders the important pawn, although
White can hardly win the game anyway. For instance:} (30. c7 h6 (30... Qxe3 $2
31. Qxe3 Rxe3 32. Ra8 Ree8 33. Rxc8 Rxc8 34. Rd1 $18) 31. Rab1 Qxe3 (31... Qd3
$2 32. Rb8 Qd2 33. Rg1 Qd6 34. Rxc8 Rxc8 35. Rc1 $16) 32. Qxe3 Rxe3 33. Rb8
Ree8 34. Rcb1 Kh7 $14) 30... Rxc6 $1 31. Rf1 Qe6 (31... Rf6 32. Rfa1 $11) 32.
Qd4 Rc4 33. Qd2 Re4 34. Rf3 1/2-1/2

[Event "NED-ch59"]
[Site "Leeuwarden"]
[Date "2004.07.08"]
[Round "8"]
[White "Tiviakov, Sergei"]
[Black "Nijboer, Friso"]
[Result "1-0"]
[WhiteElo "2593"]
[BlackElo "2578"]
[Annotator "Rogozenco,D"]
[PlyCount "109"]
[EventDate "2004.06.30"]
[EventType "tourn"]
[EventRounds "9"]
[EventCountry "NED"]
[EventCategory "12"]
[SourceTitle "CBM 102"]
[Source "ChessBase"]
[SourceDate "2004.09.23"]
[SourceVersion "1"]
[SourceVersionDate "2004.09.23"]
[SourceQuality "1"]

1. e4 c5 2. c3 Nf6 3. e5 Nd5 4. Nf3 Nc6 5. Bc4 Nb6 6. Bb3 c4 7. Bc2 Qc7 8. Qe2
g5 9. e6 ({The most principled move si the quiet} 9. h3 {Tiviakov has played
it before and he must have had his own considerations for switching to 9.e6 in
this game.} Bg7 10. O-O Nxe5 11. Nxg5 d5 12. Re1 (12. a4 $5) 12... e6 13. Nf3 (
13. Na3 Bd7 14. d4 cxd3 15. Bxd3 Nxd3 16. Qxd3 h6 17. Nf3 O-O-O 18. Nb5 Bxb5
19. Qxb5 Nc4 {Sveshnikov,E-Khalifman,A/Liepaya (rapid) 2004. was okay for
Black in the recent game}) 13... Nbd7 14. d4 cxd3 15. Bxd3 Nxd3 16. Qxd3 Nf6
17. Qd4 O-O 18. Qh4 $36 {1-0 Tiviakov,S-Shneider,A/Bastia 2003 (36)}) 9... dxe6
10. Nxg5 Qe5 11. d4 cxd3 12. Bxd3 Qxe2+ 13. Bxe2 {A complicated endgame, with
approximately equal chances for both sides.} e5 $146 (13... h6 14. Ne4 e5 $13)
14. Bh5 {the only way to exploit the fact that Black didn't play 14...h6.} Nd8
15. f4 {White correctly opens up the position.} exf4 16. Bxf4 $13 {/+/=} Bg7
17. Na3 {It is rather difficult to find the optimal set-up for White, since in
spite of their activity his light pieces have rather unstable positions and
can be attacked later on.} (17. O-O h6 (17... Nc4 18. b3 Nb6 19. Bc7 {[%csl
Rf7]}) 18. Ne4 Ne6 19. Bg3 O-O 20. Nbd2 f5 {looks okay for Black.}) 17... h6
18. Ne4 Ne6 19. Bd2 (19. Be3 Nd5) 19... O-O 20. O-O f5 21. Ng3 Nc5 22. b4 (22.
Be2 $5 {[%cal Gg3h5,Ga1e1]} Nca4 23. Nh5 Nxb2 24. Nxg7 Kxg7 25. Bf4 $44) (22.
Rae1 e5 23. Bg6 f4 24. Nh5 Bf5 25. Bxf5 Rxf5 26. Nxg7 Kxg7 $13 {[%csl Ra3,Rd2]}
) 22... Nca4 23. Rac1 Bd7 24. Bf3 Rac8 $1 25. Bxb7 Rc7 26. Ba6 Nxc3 27. Nh5
Bd4+ 28. Kh1 Nbd5 (28... Kh7 $13 29. Rf3 Ncd5 30. Rxc7 Nxc7 31. Bd3 e6 {
is about equal, although still very complicated.}) 29. Bxh6 $6 (29. Bc4 $142
Rxc4 30. Nxc4 Nxa2 31. Rcd1 $14) 29... Rc6 $1 30. Bxf8 Rxa6 31. Nc2 Bh8 32.
Bxe7 Nxe7 $15 {/-/+} 33. a3 Bb5 34. Rf3 (34. Rfe1 Ne2 35. Rcd1 Bc3 36. Rf1 Rh6
$19 37. Nf4 Ng3+) 34... Be2 (34... Ne4 35. Rd1 Kf7 $15) 35. Re3 Ned5 36. Re8+
Kh7 37. Ng3 Bb5 (37... Bd3 $17) 38. Rf8 f4 39. Nf5 Ne2 40. Rd1 Rc6 $2 (40...
Ndc3 $17 41. Rd6 (41. Rd2 $2 Ne4 $19) 41... Rxd6 42. Nxd6 Nd1 43. h3 Nf2+ 44.
Kh2 Be5 45. Nf7 Kg7 $19) 41. Rxd5 Rxc2 42. Rc5 $1 Bc3 $2 (42... Rd2 $2 43. Rc7+
$18) (42... Bd3 43. Rxc2 Bxc2 44. Nd6 $16) 43. h4 $18 a6 44. h5 Ng3+ 45. Kh2
Nxf5 46. Rfxf5 Bf1 (46... Kg7 47. Rxf4) 47. Rc7+ Kh6 48. Rc6+ Kh7 49. Rf7+ Kg8
50. Rxf4 Be5 51. Rxc2 Bxf4+ 52. Kh3 Bb5 53. g4 Kg7 54. Kh4 Kh6 55. Rc5 1-0